A SHORT BOOK OF ENT DISEASES (Record no. 18517)

MARC details
000 -LEADER
fixed length control field 00337nam a22001577a 4500
003 - CONTROL NUMBER IDENTIFIER
control field SGT
082 ## - DEWEY DECIMAL CLASSIFICATION NUMBER
Classification number 617.51
Item number S15B
100 ## - MAIN ENTRY--PERSONAL NAME
Personal name BHARGAVA, K.B.
245 ## - TITLE STATEMENT
Title A SHORT BOOK OF ENT DISEASES
250 ## - EDITION STATEMENT
Edition statement 10TH
260 ## - PUBLICATION, DISTRIBUTION, ETC. (IMPRINT)
Place of publication, distribution, etc MUMBAI
Name of publisher, distributor, etc USHA PUB
Year of Publication 2015
300 ## - PAGE DESCRIPTION
No. of Pages 478
650 ## - SUBJECT ADDED ENTRY--TOPICAL TERM
Topical term or geographic name as entry element HOMOEOPATHIC
653 ## - KEYWORDS--INDEX TERM
Keyword term ENT,DISEASE
942 ## - ADDED ENTRY ELEMENTS (KOHA)
Source of classification or shelving scheme Dewey Decimal Classification
Koha item type Books
Holdings
Withdrawn status Lost status Source of classification or shelving scheme Damaged status Not for loan Home library Current library Shelving location Date acquired Vendor Name Cost, normal purchase price SGTU Bill Number Total Checkouts Full call number Accession No. (Barcode) Date last seen Bill Date Koha item type
    Dewey Decimal Classification     Homeopathy Library Homeopathy Library Text Book 19/07/2019 ABC PUB 795.00 SGTU 7136   617.51 S15B FH661 19/07/2019 09/08/2016 Books
    Dewey Decimal Classification     Homeopathy Library Homeopathy Library Text Book 19/07/2019 ABC PUB 795.00 SGTU 7136   617.51 S15B FH662 19/07/2019 09/08/2016 Books
    Dewey Decimal Classification     Homeopathy Library Homeopathy Library Text Book 19/07/2019 ABC PUB 795.00 SGTU 7136   617.51 S15B FH663 19/07/2019 09/08/2016 Books
    Dewey Decimal Classification     Homeopathy Library Homeopathy Library Text Book 19/07/2019 ABC PUB 795.00 SGTU 7136   617.51 S15B FH664 19/07/2019 09/08/2016 Books
    Dewey Decimal Classification     Homeopathy Library Homeopathy Library Text Book 19/07/2019 ABC PUB 795.00 SGTU 7136   617.51 S15B FH665 19/07/2019 09/08/2016 Books